000 00554nam a22001932 4500
001 0000008833
005 20151217152042.0
008 080611s xx 000 0 eng d
020 _a1560520787 :
_cKES 650
040 _aKABU
_cKABU
100 1 _aSherman, James R.
_@0000159609
245 1 0 _aPlan your work/ work your plan /
_cJames R. Sherman.
260 _aBoston :
_bThomson,
_c1991.
300 _aiv, 74 p.
650 0 _aManagement
_xPlanning.
_@0000159610
908 _a080611
950 _@1
999 _c7744
_d7744